[Event "19th Hogeschool Zeeland Tournament"]
[Site "Vlissingen"]
[Date "2015.08.01"]
[Round "1"]
[Board "40"]
[White "Warmerdam, Max"]
[Black "Keiman, Clemens"]
[Result "1-0"]
[WhiteElo "2236"]
[BlackElo "1830"]
[PlyCount "91"]
[EventDate "2015.08.01"]
[EventRounds "9"]
[EventCountry "NED"]

1. e4 c5 2. Nf3 e6 3. d4 cxd4 4. Nxd4 a6 5. Nc3 Qc7 6. Bd3 Nf6 7. O-O Nc6 8.
Nxc6 dxc6 9. h3 e5 10. Qf3 Be7 11. a4 b6 12. Ne2 Be6 13. Ng3 O-O 14. Nf5 Bxf5
15. exf5 Rfe8 16. Re1 Nd5 17. Be4 Rad8 18. c3 Bf8 19. g3 Rd6 20. Bc2 Rdd8 21.
Bb3 Nf6 22. Bg5 Be7 23. Re2 e4 24. Qg2 Qe5 25. g4 h6 26. Bh4 Bc5 27. Bg3 Qe7
28. Rae1 e3 29. fxe3 Ne4 30. Bf4 Qd7 31. Bc2 Qe7 32. h4 b5 33. g5 h5 34. axb5
axb5 35. Qxe4 Qxe4 36. Bxe4 Rxe4 37. Kg2 Rde8 38. Kf3 b4 39. cxb4 Bxb4 40. Rc1
c5 41. b3 Ba3 42. Rc4 Rxc4 43. bxc4 Rd8 44. Ra2 Rd3 45. Ke4 Rb3 46. Rd2 1-0

[Event "19th Hogeschool Zeeland Tournament"]
[Site "Vlissingen"]
[Date "2015.08.01"]
[Round "1"]
[Board "41"]
[White "Schoor, Carl"]
[Black "Hovenga, Alje"]
[Result "0-1"]
[WhiteElo "1830"]
[BlackElo "2232"]
[PlyCount "72"]
[EventDate "2015.08.01"]
[EventRounds "9"]
[EventCountry "NED"]

1. e4 c5 2. Nf3 Nc6 3. c3 Nf6 4. e5 Nd5 5. d4 cxd4 6. cxd4 d6 7. exd6 e6 8. Bc4
Bxd6 9. O-O O-O 10. Bd2 Be7 11. Nc3 Nb6 12. Qe2 Nxd4 13. Nxd4 Qxd4 14. Bb3 Bd7
15. Be3 Qh4 16. Rfd1 Bc6 17. Rd4 Qf6 18. Rg4 Qf5 19. Bc2 Qa5 20. Bh6 g6 21.
Bxf8 Bxf8 22. Rd1 Bg7 23. b4 Qa3 24. Nb1 Qxa2 25. Rg3 Qb2 26. Rb3 Qf6 27. Be4
Ba4 28. Rf3 Bxd1 29. Qxd1 Rd8 30. Qc1 Qe7 31. Qe1 Qxb4 32. Re3 Qxe1+ 33. Rxe1
Nd5 34. g3 b5 35. Re2 a5 36. Bc2 a4 0-1

[Event "19th Hogeschool Zeeland Tournament"]
[Site "Vlissingen"]
[Date "2015.08.01"]
[Round "1"]
[Board "42"]
[White "Foisor, Sabina-Francesca"]
[Black "Bodicker, Bert"]
[Result "1-0"]
[WhiteElo "2230"]
[BlackElo "1828"]
[PlyCount "51"]
[EventDate "2015.08.01"]
[EventRounds "9"]
[EventCountry "NED"]

1. d4 Nf6 2. c4 g6 3. Nc3 Bg7 4. e4 d6 5. Nf3 O-O 6. Be2 e5 7. d5 a5 8. Bg5 h6
9. Bh4 g5 10. Bg3 Nh5 11. Nd2 Nf4 12. O-O Na6 13. a3 Bd7 14. b3 c6 15. dxc6
bxc6 16. Re1 Nc5 17. Nf1 Qc7 18. Ne3 Nxe2+ 19. Rxe2 f5 20. exf5 Bxf5 21. Nxf5
Rxf5 22. Nb5 cxb5 23. Qd5+ Kh7 24. Qxa8 Rf8 25. Qd5 Nxb3 26. Qd3+ 1-0

[Event "19th Hogeschool Zeeland Tournament"]
[Site "Vlissingen"]
[Date "2015.08.01"]
[Round "1"]
[Board "43"]
[White "Timmermans, Adri"]
[Black "Van Den Berg, Ad"]
[Result "1/2-1/2"]
[WhiteElo "1827"]
[BlackElo "2225"]
[PlyCount "71"]
[EventDate "2015.08.01"]
[EventRounds "9"]
[EventCountry "NED"]

1. e4 c5 2. Nf3 Nc6 3. d4 cxd4 4. Nxd4 g6 5. Nc3 Bg7 6. Be3 Nf6 7. f3 O-O 8.
Qd2 d5 9. Nxc6 bxc6 10. O-O-O Be6 11. exd5 cxd5 12. Bh6 Bxh6 13. Qxh6 Qa5 14.
Rd4 Rab8 15. Qd2 Rfc8 16. Na4 Qc7 17. Ba6 Rd8 18. Qc3 Qd6 19. Nc5 Bc8 20. Be2
e5 21. Ra4 Nd7 22. Ra5 Nxc5 23. Qxc5 Qxc5 24. Rxc5 Be6 25. Rc7 Rd7 26. Rxd7
Bxd7 27. Rd1 Be6 28. Rd3 Rc8 29. Ra3 Rc7 30. Kd2 Kf8 31. Ra5 f6 32. b3 d4 33.
Bd3 Ke7 34. a3 Kd6 35. Ra6+ Ke7 36. Ra5 1/2-1/2

[Event "19th Hogeschool Zeeland Tournament"]
[Site "Vlissingen"]
[Date "2015.08.01"]
[Round "1"]
[Board "44"]
[White "Linster, Philippe"]
[Black "Enserink, Henk"]
[Result "1-0"]
[WhiteElo "2219"]
[BlackElo "1826"]
[PlyCount "97"]
[EventDate "2015.08.01"]
[EventRounds "9"]
[EventCountry "NED"]

1. c4 c5 2. g3 Nc6 3. Bg2 e6 4. Nc3 Nf6 5. Nf3 Be7 6. O-O O-O 7. d4 cxd4 8.
Nxd4 a6 9. b3 Bc5 10. Nc2 h6 11. Bb2 Rb8 12. Na4 Be7 13. c5 d5 14. cxd6 Qxd6
15. Qxd6 Bxd6 16. Rad1 Be7 17. Ne3 Rd8 18. Nb6 Nd7 19. Nxc8 Rbxc8 20. Nc4 Nf6
21. Nb6 Rc7 22. Rxd8+ Nxd8 23. Rc1 Rc5 24. Nc4 Rc8 25. Ne5 Rxc1+ 26. Bxc1 Nd5
27. Bxd5 exd5 28. Nd3 Ne6 29. Bb2 b6 30. Kg2 f6 31. f4 Kf7 32. f5 Ng5 33. Nf4
Bc5 34. Nxd5 a5 35. Bc1 Ne4 36. Kf3 Nd6 37. g4 Nb5 38. Be3 Nd4+ 39. Bxd4 Bxd4
40. Ke4 Bc5 41. h3 g5 42. Kd3 b5 43. Nc3 b4 44. Ne4 Be7 45. Kc4 Bd8 46. Nc5 Ke7
47. Kd5 Bc7 48. Kc6 Bd8 49. Ne6 1-0

[Event "19th Hogeschool Zeeland Tournament"]
[Site "Vlissingen"]
[Date "2015.08.01"]
[Round "1"]
[Board "45"]
[White "De Pooter, Ronald"]
[Black "Heltzel, Joost"]
[Result "0-1"]
[WhiteElo "1824"]
[BlackElo "2216"]
[PlyCount "120"]
[EventDate "2015.08.01"]
[EventRounds "9"]
[EventCountry "NED"]

1. c4 c5 2. g3 Nf6 3. Bg2 g6 4. Nc3 Bg7 5. e4 Nc6 6. Nge2 d6 7. O-O O-O 8. d3
Ne8 9. a3 Nc7 10. Rb1 Ne6 11. b4 Ned4 12. Be3 Bg4 13. h3 Bxe2 14. Nxe2 Qd7 15.
Nxd4 Bxd4 16. b5 Nd8 17. Bxd4 cxd4 18. f4 Ne6 19. f5 Nc5 20. f6 exf6 21. Rxf6
Qe7 22. Rf2 Qe5 23. Kh2 Kg7 24. Qd2 f6 25. Rd1 a6 26. b6 a5 27. Rb1 a4 28. Rb5
Rae8 29. Bf1 Re7 30. Qf4 h6 31. Qxe5 fxe5 32. Rxf8 Kxf8 33. Be2 Re8 34. Ra5 Rc8
35. Kg2 Ke7 36. Rb5 Ra8 37. Kf2 Kd7 38. g4 Kc6 39. Kg3 g5 40. Rb1 Ra6 41. Kf2
Rxb6 42. Rxb6+ Kxb6 43. Ke1 Ne6 44. Kd2 Nf4 45. Bf1 Kc5 46. Kc2 b5 47. cxb5
Kxb5 48. Kd2 Kc5 49. Kc2 Ne6 50. Kd2 Nc7 51. Kc2 Nb5 52. Kb2 Nc3 53. Kc2 d5 54.
exd5 Kxd5 55. Bg2+ e4 56. dxe4+ Ke5 57. Kd3 Nb5 58. Kc4 Nxa3+ 59. Kb4 Nc2+ 60.
Kxa4 Ne3 0-1

[Event "19th Hogeschool Zeeland Tournament"]
[Site "Vlissingen"]
[Date "2015.08.01"]
[Round "1"]
[Board "46"]
[White "Yogesh, Gautam"]
[Black "Wagenvoorde, Guido"]
[Result "1-0"]
[WhiteElo "2207"]
[BlackElo "1824"]
[PlyCount "33"]
[EventDate "2015.08.01"]
[EventRounds "9"]
[EventCountry "NED"]

1. e4 c6 2. d4 d5 3. f3 dxe4 4. fxe4 e5 5. Nf3 exd4 6. Bc4 Nf6 7. O-O Nbd7 8.
e5 Nd5 9. Qe2 Bc5 10. Kh1 N7b6 11. Ng5 Be6 12. Nxe6 fxe6 13. Bd3 Qh4 14. Nd2
O-O-O 15. Ne4 Rdf8 16. Bg5 Nf4 17. Rxf4 1-0

[Event "19th Hogeschool Zeeland Tournament"]
[Site "Vlissingen"]
[Date "2015.08.01"]
[Round "1"]
[Board "47"]
[White "Bandsma, Arend"]
[Black "Gijsen, Stief"]
[Result "0-1"]
[WhiteElo "1822"]
[BlackElo "2203"]
[PlyCount "92"]
[EventDate "2015.08.01"]
[EventRounds "9"]
[EventCountry "NED"]

1. Nf3 Nf6 2. g3 b5 3. Bg2 Bb7 4. O-O c5 5. d3 Nc6 6. e4 e5 7. Nbd2 g6 8. Re1
Bg7 9. Nf1 O-O 10. Ne3 Re8 11. g4 d6 12. g5 Nh5 13. Ng4 Nd4 14. Nxd4 cxd4 15.
Nh6+ Bxh6 16. gxh6 Qh4 17. Bd2 Nf4 18. Bxf4 Qxf4 19. Qc1 Qh4 20. Qd2 Rac8 21.
Rac1 a6 22. Qb4 Re6 23. a4 Bc6 24. Qa5 bxa4 25. Qxa6 Bd7 26. Qb7 Qd8 27. Bh3
Re7 28. Bxd7 Qxd7 29. Qxd7 Rxd7 30. c4 Rb7 31. Re2 f5 32. f3 Kf7 33. Ra1 Ra8
34. Ra2 Rb3 35. Rd2 Kf6 36. Kg2 Kg5 37. Kg3 Kxh6 38. Ra1 Kg5 39. Rc1 Ra5 40. h3
h5 41. h4+ Kf6 42. Kh3 a3 43. bxa3 Raxa3 44. Rcd1 Rc3 45. Kg3 fxe4 46. fxe4
Rxc4 0-1

[Event "19th Hogeschool Zeeland Tournament"]
[Site "Vlissingen"]
[Date "2015.08.01"]
[Round "1"]
[Board "48"]
[White "Verduyn, Frederic"]
[Black "Avezaat, Annemarie"]
[Result "1-0"]
[WhiteElo "2199"]
[BlackElo "1819"]
[PlyCount "39"]
[EventDate "2015.08.01"]
[EventRounds "9"]
[EventCountry "NED"]

1. e4 c5 2. Nc3 Nc6 3. f4 d6 4. Nf3 Bg4 5. Bb5 Rc8 6. O-O Nf6 7. Qe1 e6 8. e5
Nd7 9. exd6 Bxf3 10. Rxf3 Nd4 11. Re3 Bxd6 12. Ba4 Bxf4 13. Re4 Qg5 14. Qf2 Bd6
15. d3 Qh5 16. Bf4 Bxf4 17. Qxf4 Rd8 18. Qd6 b6 19. Nd5 Qxd5 20. Qxd5 1-0

[Event "19th Hogeschool Zeeland Tournament"]
[Site "Vlissingen"]
[Date "2015.08.01"]
[Round "1"]
[Board "49"]
[White "Van Randtwijk, Mick"]
[Black "Goormachtigh, Johan"]
[Result "0-1"]
[WhiteElo "1814"]
[BlackElo "2191"]
[PlyCount "70"]
[EventDate "2015.08.01"]
[EventRounds "9"]
[EventCountry "NED"]

1. e4 c5 2. Nf3 e6 3. d4 cxd4 4. Nxd4 Nc6 5. Nc3 Qc7 6. Be3 a6 7. Be2 Nf6 8.
O-O Bb4 9. Na4 O-O 10. Nxc6 bxc6 11. Nb6 Rb8 12. Nxc8 Rfxc8 13. Bxa6 Re8 14.
Bd3 Bd6 15. g3 Rxb2 16. Bd4 Rb7 17. Bxf6 gxf6 18. Qg4+ Kh8 19. Qh5 Be5 20. Qxf7
Rg8 21. Rab1 Rg7 22. Qf8+ Rg8 23. Qh6 Rg6 24. Qh4 c5 25. f4 Bd4+ 26. Kh1 c4 27.
Be2 Rb2 28. f5 Rg7 29. fxe6 dxe6 30. Rbd1 Qe5 31. Bxc4 Rxc2 32. Bxe6 Rg5 33.
Qf4 Rh5 34. h4 Qxe6 35. Qb8+ Rc8 0-1

[Event "19th Hogeschool Zeeland Tournament"]
[Site "Vlissingen"]
[Date "2015.08.01"]
[Round "1"]
[Board "50"]
[White "Voege, Tobias"]
[Black "Van T Hoff, Kees"]
[Result "1-0"]
[WhiteElo "2191"]
[BlackElo "1809"]
[PlyCount "67"]
[EventDate "2015.08.01"]
[EventRounds "9"]
[EventCountry "NED"]

1. d4 Nf6 2. c4 g6 3. Nc3 Bg7 4. Bg5 d6 5. e3 O-O 6. Nf3 Nbd7 7. Be2 h6 8. Bh4
Nh7 9. Nd2 g5 10. Bg3 e5 11. dxe5 dxe5 12. O-O f5 13. f3 Re8 14. Qc2 Ndf8 15.
Rad1 Qe7 16. a3 Nf6 17. b4 f4 18. Bf2 b6 19. Nde4 Bb7 20. Nxf6+ Qxf6 21. Nd5
Qf7 22. Bd3 Rad8 23. exf4 exf4 24. Nc3 Kh8 25. c5 Bf6 26. Be4 Bxe4 27. Nxe4 Bg7
28. cxb6 axb6 29. a4 Ra8 30. Bd4 Ne6 31. Bxg7+ Nxg7 32. Qc6 Ne6 33. Rd7 Qf8 34.
Qc3+ 1-0

[Event "19th Hogeschool Zeeland Tournament"]
[Site "Vlissingen"]
[Date "2015.08.02"]
[Round "2"]
[Board "13"]
[White "Stark, Lars"]
[Black "Vrolijk, Liam"]
[Result "1-0"]
[WhiteElo "2437"]
[BlackElo "2095"]
[PlyCount "107"]
[EventDate "2015.08.01"]
[EventRounds "9"]
[EventCountry "NED"]

1. c4 Nf6 2. g3 g6 3. Bg2 Bg7 4. Nc3 O-O 5. d3 d6 6. Bg5 c6 7. e4 a6 8. Qd2
Nbd7 9. Nge2 b5 10. h3 Rb8 11. Rc1 a5 12. Be3 b4 13. Nd1 Bb7 14. f4 e5 15. O-O
d5 16. f5 dxe4 17. dxe4 c5 18. Qc2 Qb6 19. g4 Rfd8 20. Ng3 Rbc8 21. Qf2 Nb8 22.
g5 Ne8 23. h4 Rc7 24. b3 Rd4 25. Nb2 Qd6 26. Qf3 Nc6 27. Rf2 Qd8 28. Rcf1 Nd6
29. Bxd4 Nxd4 30. Qg4 Bc8 31. Na4 Rc6 32. Ne2 Qe8 33. Ng3 Qd8 34. h5 Nb7 35.
Bf3 Bd7 36. Bd1 Bc8 37. Rh2 Nd6 38. Nb2 Qd7 39. Rhf2 Qd8 40. Qh4 Rc7 41. hxg6
fxg6 42. fxg6 hxg6 43. Rh2 Rf7 44. Qh7+ Kf8 45. Qxg6 Ne6 46. Rd2 Qe7 47. Nf5
Nxf5 48. Rxf5 Kg8 49. Rxf7 Qxf7 50. Qxf7+ Kxf7 51. Bg4 Ke7 52. Rd5 Bb7 53. Bxe6
Kxe6 54. Kf2 1-0

[Event "19th Hogeschool Zeeland Tournament"]
[Site "Vlissingen"]
[Date "2015.08.02"]
[Round "2"]
[Board "14"]
[White "Boulahfa, Hicham"]
[Black "Prasanna, Raghuram Rao"]
[Result "0-1"]
[WhiteElo "2101"]
[BlackElo "2424"]
[PlyCount "86"]
[EventDate "2015.08.01"]
[EventRounds "9"]
[EventCountry "NED"]

1. e4 e5 2. Nf3 Nc6 3. Bb5 a6 4. Bxc6 dxc6 5. d4 exd4 6. Qxd4 Qxd4 7. Nxd4 Bd7
8. Nc3 O-O-O 9. Bd2 g6 10. O-O-O Bg7 11. Nde2 Ne7 12. f3 b6 13. h4 h5 14. Be3
c5 15. Bg5 Rde8 16. Rhe1 Bb5 17. Nxb5 axb5 18. a3 Nc6 19. Bd2 Nd4 20. Bc3 Rd8
21. Nxd4 cxd4 22. Bd2 c5 23. e5 Rhe8 24. Bg5 Rd5 25. f4 Kd7 26. Kd2 Ke6 27. Ke2
Ra8 28. Kf3 Ra4 29. Rd2 b4 30. axb4 Rxb4 31. b3 d3 32. Rxd3 Rxd3+ 33. cxd3 Rxb3
34. Ke4 b5 35. Rd1 Rb4+ 36. Ke3 Ra4 37. Rb1 b4 38. d4 Bf8 39. Ke4 cxd4 40. Kxd4
Ra5 41. Kc4 Rc5+ 42. Kd4 Rc3 43. Ke4 Bc5 0-1

[Event "19th Hogeschool Zeeland Tournament"]
[Site "Vlissingen"]
[Date "2015.08.02"]
[Round "2"]
[Board "15"]
[White "Leenhouts, Koen"]
[Black "Ducarmon, Renzo"]
[Result "1-0"]
[WhiteElo "2422"]
[BlackElo "2092"]
[PlyCount "63"]
[EventDate "2015.08.01"]
[EventRounds "9"]
[EventCountry "NED"]

1. d4 Nf6 2. c4 g6 3. Nc3 Bg7 4. e4 d6 5. f3 O-O 6. Be3 e5 7. Nge2 c6 8. d5
cxd5 9. cxd5 a6 10. Qd2 Nbd7 11. g4 h5 12. h3 Nh7 13. O-O-O h4 14. Kb1 b5 15.
Qe1 Bf6 16. Nc1 Nb6 17. Nb3 b4 18. Bxb6 Qxb6 19. Na4 Qb8 20. Na5 Bd7 21. Nc6
Bxc6 22. dxc6 Ng5 23. Bc4 Ne6 24. Qf2 Bd8 25. Qd2 Be7 26. Qe3 Bd8 27. Bxe6 fxe6
28. Qh6 Kf7 29. Qh7+ Kf6 30. g5+ Kxg5 31. Rhg1+ Kf4 32. Qh6+ 1-0

[Event "19th Hogeschool Zeeland Tournament"]
[Site "Vlissingen"]
[Date "2015.08.02"]
[Round "2"]
[Board "16"]
[White "Brockhaus, Bernd"]
[Black "Yankelevich, Lev"]
[Result "0-1"]
[WhiteElo "2096"]
[BlackElo "2420"]
[PlyCount "86"]
[EventDate "2015.08.01"]
[EventRounds "9"]
[EventCountry "NED"]

1. e4 c5 2. Nf3 d6 3. c3 Nf6 4. Bb5+ Bd7 5. Bxd7+ Qxd7 6. Qe2 Nc6 7. d4 cxd4 8.
Nxd4 e5 9. Nxc6 Qxc6 10. f3 Be7 11. O-O Rc8 12. Qf2 a6 13. Qg3 O-O 14. Be3 Rfe8
15. Nd2 d5 16. Rae1 Bc5 17. Qf2 Bf8 18. Qh4 Bc5 19. Qf2 Be7 20. Qg3 Bd8 21. Kh1
Bc7 22. Qf2 h6 23. Qh4 Rcd8 24. Bg1 b5 25. Nb3 a5 26. Nc5 a4 27. b4 Bd6 28. a3
Bxc5 29. Bxc5 dxe4 30. fxe4 Rd3 31. Rf3 Rxf3 32. gxf3 Nd7 33. Rg1 Nxc5 34. bxc5
Qxc5 35. Qg4 g6 36. Qd7 Rc8 37. Rf1 Rc7 38. Qe8+ Kg7 39. f4 exf4 40. Rxf4 Qxc3
41. Rf1 Qc5 42. Qd8 Qe5 43. Kg1 Rc2 0-1

[Event "19th Hogeschool Zeeland Tournament"]
[Site "Vlissingen"]
[Date "2015.08.02"]
[Round "2"]
[Board "17"]
[White "Admiraal, Miguoel"]
[Black "Tikranian, Alik"]
[Result "1-0"]
[WhiteElo "2414"]
[BlackElo "2075"]
[PlyCount "85"]
[EventDate "2015.08.01"]
[EventRounds "9"]
[EventCountry "NED"]

1. Nf3 d5 2. g3 Nf6 3. Bg2 e6 4. O-O Be7 5. b3 O-O 6. Bb2 b6 7. c4 Bb7 8. d4
dxc4 9. bxc4 c5 10. e3 Nbd7 11. Nbd2 Rc8 12. Qb3 Qc7 13. Rfd1 Rfd8 14. Rac1 a6
15. Bc3 Bc6 16. a4 Rb8 17. Qa2 Rbc8 18. a5 b5 19. cxb5 Bxb5 20. dxc5 Qxc5 21.
Bb2 Qb4 22. Qa1 Qa4 23. Nd4 Nc5 24. Nxb5 Qxb5 25. Bd4 Na4 26. Rb1 Qxa5 27. Bb6
Qxb6 28. Rxb6 Nxb6 29. Nb3 Rxd1+ 30. Qxd1 Nbd5 31. h3 g6 32. Qd4 Rb8 33. Na5
Rc8 34. Qa7 Bb4 35. Nc6 a5 36. e4 Nc3 37. Qb7 Re8 38. Nxb4 axb4 39. Qxb4 Rc8
40. Qb7 Rd8 41. Kh2 Kg7 42. Qc7 Rd3 43. Qc4 1-0

[Event "19th Hogeschool Zeeland Tournament"]
[Site "Vlissingen"]
[Date "2015.08.02"]
[Round "2"]
[Board "18"]
[White "Goossens, Xavier"]
[Black "Van Delft, Merijn"]
[Result "0-1"]
[WhiteElo "2094"]
[BlackElo "2410"]
[PlyCount "69"]
[EventDate "2015.08.01"]
[EventRounds "9"]
[EventCountry "NED"]

1. e4 c5 2. Be2 Nc6 3. Nf3 g6 4. d4 cxd4 5. Nxd4 Bg7 6. Be3 Nf6 7. Nc3 d6 8.
Qd2 O-O 9. O-O Nxd4 10. Bxd4 Be6 11. a4 a6 12. a5 Rc8 13. f3 Qc7 14. Kh1 Nd7
15. Bxg7 Kxg7 16. Rfc1 Qc5 17. Nd5 Bxd5 18. exd5 Rc7 19. c4 Qf2 20. Rf1 Qa7 21.
b4 Rb8 22. f4 b6 23. axb6 Qxb6 24. f5 Qxb4 25. Qd4+ Nf6 26. Rxa6 Qb2 27. Qxb2
Rxb2 28. Bd3 Ng4 29. fxg6 hxg6 30. Kg1 Rd2 31. Rc6 Ra7 32. Be4 f5 33. Bf3 Ne5
34. Rc8 Raa2 35. Rc1 0-1

[Event "19th Hogeschool Zeeland Tournament"]
[Site "Vlissingen"]
[Date "2015.08.02"]
[Round "2"]
[Board "19"]
[White "Ten Hertog, Hugo"]
[Black "Van Der Zalm, Marnix"]
[Result "1-0"]
[WhiteElo "2383"]
[BlackElo "2074"]
[PlyCount "45"]
[EventDate "2015.08.01"]
[EventRounds "9"]
[EventCountry "NED"]

1. b3 d6 2. Bb2 e5 3. d4 exd4 4. Qxd4 Nf6 5. Nf3 Be7 6. Nc3 Nc6 7. Qf4 h6 8.
O-O-O Be6 9. Kb1 Nd7 10. g4 Bf6 11. h4 Qe7 12. e3 O-O-O 13. Nd4 Nxd4 14. exd4
g5 15. Qf3 gxh4 16. Bg2 c6 17. d5 Ne5 18. Qe3 Bxg4 19. Qxa7 Bxd1 20. Rxd1 Qc7
21. Bh3+ Nd7 22. Na4 Qb8 23. Qa5 1-0

[Event "19th Hogeschool Zeeland Tournament"]
[Site "Vlissingen"]
[Date "2015.08.02"]
[Round "2"]
[Board "20"]
[White "De Wolf, Johan"]
[Black "Beshukov, Sergei"]
[Result "1/2-1/2"]
[WhiteElo "2088"]
[BlackElo "2382"]
[PlyCount "92"]
[EventDate "2015.08.01"]
[EventRounds "9"]
[EventCountry "NED"]

1. d4 Nf6 2. Nf3 c5 3. e3 g6 4. c3 Qc7 5. Bd3 Bg7 6. Nbd2 d6 7. O-O O-O 8. e4
Nc6 9. d5 Ne5 10. Nxe5 dxe5 11. a4 e6 12. c4 Ne8 13. Nb1 exd5 14. cxd5 c4 15.
Be2 Nd6 16. Nc3 Bd7 17. Be3 Rfc8 18. Qb1 b6 19. Rc1 a6 20. b3 b5 21. axb5 axb5
22. Rxa8 Rxa8 23. bxc4 bxc4 24. Qb6 Qxb6 25. Bxb6 Bh6 26. Rb1 Rc8 27. Ba5 Bd2
28. f3 Be3+ 29. Kf1 Bd4 30. Ke1 f6 31. Kd2 f5 32. Bb4 Nb7 33. Ba3 Na5 34. Bd1
f4 35. Bc2 Ra8 36. Bb4 Nb7 37. Be7 Ra7 38. Nb5 Be3+ 39. Kc3 Ra2 40. Na3 Na5 41.
Rb8+ Kf7 42. Bd6 Bf2 43. Kd2 Bd4 44. Kd1 Ra1+ 45. Rb1 Ra2 46. Rb8 Ra1+ 1/2-1/2

[Event "19th Hogeschool Zeeland Tournament"]
[Site "Vlissingen"]
[Date "2015.08.02"]
[Round "2"]
[Board "21"]
[White "Mu, Ke"]
[Black "Goldie, Thomas"]
[Result "1-0"]
[WhiteElo "2380"]
[BlackElo "2067"]
[PlyCount "51"]
[EventDate "2015.08.01"]
[EventRounds "9"]
[EventCountry "NED"]

1. d4 Nf6 2. c4 g6 3. Nc3 Bg7 4. e4 d6 5. Nf3 O-O 6. h3 e5 7. d5 Nh5 8. g3 Qe8
9. Be2 Na6 10. Nh2 Nf6 11. Ng4 Nd7 12. Nh6+ Kh8 13. h4 f5 14. h5 Nf6 15. hxg6
Qxg6 16. exf5 Bxf5 17. Nxf5 Qxf5 18. Be3 c6 19. g4 Qg6 20. g5 Nb4 21. gxf6 Rxf6
22. Kd2 Raf8 23. Qb3 cxd5 24. cxd5 a5 25. Rag1 Qf7 26. a3 1-0

[Event "19th Hogeschool Zeeland Tournament"]
[Site "Vlissingen"]
[Date "2015.08.02"]
[Round "2"]
[Board "22"]
[White "Vrolijk, Olivier"]
[Black "Van Overdam, Julian"]
[Result "0-1"]
[WhiteElo "2087"]
[BlackElo "2367"]
[PlyCount "56"]
[EventDate "2015.08.01"]
[EventRounds "9"]
[EventCountry "NED"]

1. d4 Nf6 2. Bg5 b6 3. f3 d5 4. e3 Bb7 5. Bd3 g6 6. Ne2 Bg7 7. O-O O-O 8. c4
Nbd7 9. cxd5 Nxd5 10. Nbc3 h6 11. Nxd5 hxg5 12. Ndc3 Nf6 13. Qb3 e6 14. Rad1
Nd5 15. Nxd5 exd5 16. e4 Qd6 17. e5 Qe7 18. Rc1 c5 19. dxc5 bxc5 20. Qb5 c4 21.
Bb1 Bxe5 22. Nc3 Rad8 23. Rfe1 Qc7 24. h3 Bd4+ 25. Kh1 Bc6 26. Qb4 Rfe8 27.
Red1 Bb6 28. Nb5 Qf4 0-1

[Event "19th Hogeschool Zeeland Tournament"]
[Site "Vlissingen"]
[Date "2015.08.02"]
[Round "2"]
[Board "23"]
[White "Sturm, Pieter"]
[Black "Kevlishvili, Robby"]
[Result "1/2-1/2"]
[WhiteElo "2077"]
[BlackElo "2357"]
[PlyCount "105"]
[EventDate "2015.08.01"]
[EventRounds "9"]
[EventCountry "NED"]

1. Nc3 c5 2. Nf3 d6 3. d4 cxd4 4. Nxd4 Nf6 5. Bg5 e5 6. Bxf6 gxf6 7. Nf3 Nc6 8.
Qd2 Be6 9. Rd1 Rc8 10. e3 a6 11. a3 f5 12. g3 Na5 13. Nh4 Nc4 14. Bxc4 Rxc4 15.
Ng2 h5 16. h4 Qc7 17. O-O Qc6 18. f4 Be7 19. Kh2 Rg8 20. Ne1 e4 21. Ne2 Qc7 22.
b3 Rc5 23. Nd4 Rg4 24. Ng2 Kd7 25. c4 Kc8 26. Qb4 Kb8 27. Rf2 Qc8 28. Rfd2 Qg8
29. Ne2 Rc8 30. Qb6 Qg7 31. Rxd6 Bxd6 32. Qxd6+ Ka8 33. Ne1 Rg8 34. Qe7 Qb2 35.
Rd8+ Bc8 36. Qc7 Qxe2+ 37. Ng2 Rxd8 38. Qxd8 Kb8 39. Qd6+ Ka7 40. Qc5+ Kb8 41.
Qd6+ Ka8 42. Qd8 Ka7 43. Qxc8 Qd2 44. Qc5+ Kb8 45. Qf8+ Kc7 46. Qxf7+ Qd7 47.
Qxd7+ Kxd7 48. Ne1 Rg8 49. Nc2 Rc8 50. Nd4 b5 51. cxb5 axb5 52. Kg2 Rc5 53. Kf2
 1/2-1/2

[Event "19th Hogeschool Zeeland Tournament"]
[Site "Vlissingen"]
[Date "2015.08.02"]
[Round "2"]
[Board "24"]
[White "Hoffman, Ron"]
[Black "Palit, Somak"]
[Result "0-1"]
[WhiteElo "2074"]
[BlackElo "2345"]
[PlyCount "58"]
[EventDate "2015.08.01"]
[EventRounds "9"]
[EventCountry "NED"]

1. d4 e6 2. c4 b6 3. Nc3 Bb7 4. e4 Bb4 5. Bd3 f5 6. Qc2 Qh4 7. g3 Qh5 8. Be2
Qf7 9. Bf3 Nc6 10. Nge2 fxe4 11. Bxe4 Nf6 12. O-O Bxc3 13. bxc3 Nxd4 14. cxd4
Nxe4 15. f3 O-O 16. Bf4 Nd6 17. Qd3 Ba6 18. Rac1 Nxc4 19. Bxc7 b5 20. Bf4 d6
21. Rb1 e5 22. Bd2 Rab8 23. Bb4 Bb7 24. Bc3 Bxf3 25. a4 e4 26. Rxf3 Qxf3 27.
Qxf3 exf3 28. Nf4 f2+ 29. Kg2 f1=Q+ 0-1

[Event "19th Hogeschool Zeeland Tournament"]
[Site "Vlissingen"]
[Date "2015.08.02"]
[Round "2"]
[Board "25"]
[White "Van Dooren, Dirk"]
[Black "Dijkstra, Arjan"]
[Result "1-0"]
[WhiteElo "2333"]
[BlackElo "2051"]
[PlyCount "63"]
[EventDate "2015.08.01"]
[EventRounds "9"]
[EventCountry "NED"]

1. f4 c5 2. Nf3 g6 3. g3 Nc6 4. Bg2 Bg7 5. O-O d5 6. d3 Nf6 7. c3 O-O 8. Na3
Re8 9. Nh4 e5 10. f5 gxf5 11. Nxf5 Bxf5 12. Rxf5 Re6 13. Qf1 Ne7 14. Rf2 Ng4
15. Bh3 Nxf2 16. Bxe6 fxe6 17. Qxf2 Qc7 18. e4 Qc6 19. Bg5 Rf8 20. Qe2 Nc8 21.
Re1 b5 22. Nc2 d4 23. Rf1 Rxf1+ 24. Kxf1 c4 25. dxc4 bxc4 26. Nb4 Qc7 27. Qh5
Nd6 28. cxd4 exd4 29. Bf4 e5 30. Bxe5 Qc5 31. Nd5 c3 32. Ne7+ 1-0

[Event "19th Hogeschool Zeeland Tournament"]
[Site "Vlissingen"]
[Date "2015.08.02"]
[Round "2"]
[Board "26"]
[White "Brouwer, Rein"]
[Black "De Jong, Migchiel"]
[Result "0-1"]
[WhiteElo "2070"]
[BlackElo "2319"]
[PlyCount "58"]
[EventDate "2015.08.01"]
[EventRounds "9"]
[EventCountry "NED"]

1. d4 e6 2. c4 Bb4+ 3. Bd2 a5 4. g3 d6 5. Bg2 e5 6. Nf3 Nc6 7. O-O exd4 8. Nxd4
Nxd4 9. Bxb4 axb4 10. Qxd4 Nf6 11. Rd1 Ra6 12. a4 O-O 13. Nd2 Nd7 14. b3 Qe7
15. e4 Nc5 16. Re1 Qe5 17. Nf3 Nxb3 18. Qxe5 dxe5 19. Rab1 Nc5 20. Red1 Rxa4
21. Rd5 Nxe4 22. Rxe5 Nc3 23. Rb2 Be6 24. Bf1 Rd8 25. Kg2 h6 26. Rc5 c6 27. Nd2
Ra1 28. Nb3 Rxf1 29. Kxf1 Bh3+ 0-1

[Event "19th Hogeschool Zeeland Tournament"]
[Site "Vlissingen"]
[Date "2015.08.02"]
[Round "2"]
[Board "27"]
[White "Beerdsen, Thomas"]
[Black "Audenaert, Bart"]
[Result "1-0"]
[WhiteElo "2319"]
[BlackElo "2025"]
[PlyCount "105"]
[EventDate "2015.08.01"]
[EventRounds "9"]
[EventCountry "NED"]

1. e4 e5 2. Nf3 Nc6 3. c3 Nf6 4. d4 exd4 5. e5 Qe7 6. cxd4 d6 7. Bb5 Bd7 8. O-O
Ne4 9. exd6 Qxd6 10. Re1 f5 11. Nc3 O-O-O 12. Nxe4 fxe4 13. Rxe4 Qd5 14. Bd3
Bd6 15. Bd2 Rhf8 16. Bc3 g5 17. Qb3 Qxb3 18. axb3 Bf5 19. Re3 Bxd3 20. Rxd3 g4
21. Ne1 a6 22. Nc2 h5 23. Re1 Rde8 24. h3 Rxe1+ 25. Bxe1 Bf4 26. hxg4 hxg4 27.
g3 Bh6 28. Bc3 Rd8 29. Kg2 Re8 30. Kf1 Kd7 31. Bd2 Bg7 32. Ne3 Re4 33. Bc3 Bh6
34. d5 Nb4 35. Bxb4 Rxb4 36. Nc4 Bg7 37. f4 gxf3 38. Rxf3 Ke7 39. g4 b5 40. Ne3
Bxb2 41. g5 Bc1 42. Nf5+ Kf8 43. Nd4+ Kg8 44. Ne6 Kh7 45. Rf6 Kg8 46. g6 Bh6
47. g7 Bxg7 48. Rg6 Rxb3 49. Rxg7+ Kh8 50. Rxc7 Rd3 51. Nf4 Rd4 52. Ke2 Rxf4
53. d6 1-0